Strong's Exhaustive concordance : showing every word of the text of the common English version of the canonical books, and every occurrence of each word in regular order, together with dictionaries of the Hebrew and Greek words of the original, with references to the English words /
| Main Author: | |
|---|---|
| Format: | Book |
| Language: | English Greek, Ancient (to 1453) Hebrew |
| Published: |
Grand Rapids, Mich. :
Baker Book House,
[1985]
|
| Edition: | Compact ed. |
| Subjects: |
MARC
| Tag | First Indicator | Second Indicator | Subfields |
|---|---|---|---|
| LEADER | 00000cam a2200000 a 4500 | ||
| 001 | in00000027793 | ||
| 005 | 20151007054623.0 | ||
| 008 | 851218s1985 miu d 00010 eng d | ||
| 020 | |a 0801082285 : |c $17.95 | ||
| 020 | |a 0801081084 (pbk.) | ||
| 035 | |a (OCoLC)12929906 | ||
| 035 | |9 AAB5733AM | ||
| 040 | |a CRP |c CRP |d TXA |d UtOrBLW | ||
| 041 | 0 | |a eng |a grc |a heb | |
| 049 | |a TXAM |c [A11525882] | ||
| 050 | 4 | |a BS425 |b .S87 1987 | |
| 100 | 1 | |a Strong, James, |d 1822-1894. | |
| 240 | 1 | 0 | |a Exhaustive concordance |
| 245 | 1 | 0 | |a Strong's Exhaustive concordance : |b showing every word of the text of the common English version of the canonical books, and every occurrence of each word in regular order, together with dictionaries of the Hebrew and Greek words of the original, with references to the English words / |c by James Strong. |
| 250 | |a Compact ed. | ||
| 264 | 1 | |a Grand Rapids, Mich. : |b Baker Book House, |c [1985] | |
| 264 | 3 | |c 1987 printing | |
| 300 | |a 1340, 128, 79 pages ; |c 24 cm. | ||
| 336 | |a text |b txt |2 rdacontent | ||
| 337 | |a unmediated |b n |2 rdamedia | ||
| 338 | |a volume |b nc |2 rdacarrier | ||
| 630 | 0 | 0 | |a Bible |v Concordances, English. |
| 650 | 0 | |a Hebrew language |v Dictionaries |x English. | |
| 650 | 0 | |a Greek language, Biblical |v Dictionaries |x English. | |
| 999 | |a MARS | ||
| 999 | f | f | |s 87d32dd5-2b61-304a-bfd7-6598a4fcf49b |i 0b984dec-55a0-38ed-a633-ac53ff490fa6 |t 0 |
| 952 | f | f | |p ric |a Texas A&M University |b Rellis Campus |c Joint Library Facility |d Remote Storage |t 0 |e BS425 .S87 1987 |h Library of Congress classification |i unmediated -- volume |m A14811525882 |
| 998 | f | f | |a BS425 .S87 1987 |t 0 |l Remote Storage |